书目信息 |
| 题名: |
中国自然地理常识问答
|
|
| 作者: | 郭正权 , 王永晶 编写 | |
| 分册: | ||
| 出版信息: | 北京 中国少年儿童出版社 1979 |
|
| 页数: | 172页 | |
| 开本: | 19cm | |
| 丛书名: | 少年百科丛书 | |
| 单 册: | ||
| 中图分类: | P942-44 , K-5 | |
| 科图分类: | ||
| 主题词: | 自然地理--基本知识--中国--问答 , 历史 , 地理 | |
| 电子资源: | ||
| ISBN: | ||
| 000 | 00796nam2 2200289 45 | |
| 001 | 1559360110 | |
| 005 | 20150129185033.70 | |
| 010 | @dCNY0.34 | |
| 091 | @aCN@bR12056.11 | |
| 100 | @a19950726d1979 demy0chiy0121 ea | |
| 101 | 0 | @achi |
| 102 | @aCN@b110000 | |
| 105 | @ay z 000yy | |
| 200 | 10 | @a中国自然地理常识问答@Azhong guo zi ran di li chang shi wen da@f郭正权,王永晶编写 |
| 210 | @a北京@c中国少年儿童出版社@d1979 | |
| 215 | @a172页@d19cm | |
| 225 | 2 | @a少年百科丛书 |
| 410 | 0 | @120010@a少年百科丛书 |
| 606 | @a自然地理@x基本知识@y中国@x问答 | |
| 606 | 0 | @a历史 |
| 606 | 0 | @a地理 |
| 690 | @aP942-44@v3 | |
| 690 | @aK-5@v4 | |
| 701 | 0 | @a郭正权@Aguo zheng quan@4编写 |
| 701 | 0 | @a王永晶@Awang yong jing@4编写 |
| 801 | 0 | @aCN@bTSSF@c20150129 |
| 905 | @aZUCC@dK-5@eJY10 | |
| 中国自然地理常识问答/郭正权,王永晶编写.-北京:中国少年儿童出版社,1979 |
| 172页;19cm.-(少年百科丛书) |
| ISBN :CNY0.34 |
| ● |
| 相关链接 |
|
|
|
|
正题名:中国自然地理常识问答
索取号:K-5/JY10
 
预约/预借
| 序号 | 登录号 | 条形码 | 馆藏地/架位号 | 状态 | 备注 |
| 1 | 7838548 | 278385481 | 学院路分馆/ [索取号:K-5/JY10] | 在馆 | |
| 2 | 7863671 | 278636718 | 学院路分馆/ [索取号:K-5/JY10] | 在馆 |